000 00858cab a2200241 4500
001 WB3112-32
008 090401t1995 xxu||||| |||| 00| 0 eng d
035 _a(Sirsi) u35831
041 _aeng
245 _aAnti-social council tenants
260 _c1995
350 _a0
490 _aSunday Telegraph
_v19 March 1995, 4(1)
520 _aProbationary tenancies should be introduced to give councils more power to evict tenants who misbehave according to a DoE draft consultation paper, "Anti-social behaviour on council estates".
650 _aANTI-SOCIAL BEHAVIOUR ON COUNCIL ESTATES
650 _aCOUNCIL ESTATES
650 _aEVICTION
650 _aLOCAL AUTHORITIES
650 _aPROBATIONARY TENANCIES
690 _aPROPERTY-RESIDENTIAL PROPERTY-RESIDENTIAL LANDLORD AND TENANT-RESIDENTIAL TENANCIES
942 _n0
948 _c04/03/1997
999 _c23428
_d23428